|
|
|
|
| LEADER |
01258nab#a2200361#ar4500 |
| 001 |
000000470 |
| 003 |
SVKKK |
| 005 |
00000000000000.0 |
| 008 |
c xo e engo |
| FMT |
|
|
|
| 038 |
|
|
|a SVKKK
|
| 040 |
|
|
|a SVKKK
|b slo
|e AACR2
|
| 041 |
0 |
|
|a eng
|b eng
|
| 044 |
|
|
|a xo
|c SK
|
| 080 |
|
|
|a 55
|2 1981
|
| 080 |
|
|
|a 552.5(234.372.3
|2 1981
|
| 100 |
1 |
|
|a Soták, Ján
|4 aut
|
| 242 |
1 |
0 |
|a Diagenéza bralového komplexu Veterlín (Malé Karpaty Mts., Západné Karpaty): izotópová geochémia, katódoluminiscencia, a hodnoty fluidnej inklúzie
|
| 245 |
1 |
0 |
|a Diagenesis of the Veterlín reef complex (Malé Karpaty Mts., Western Carpathians): isotope geochemistry, cathodoluminescence, and fluid inclusiom data
|c Soták Ján, Lintnerová Otília
|
| 300 |
|
|
|b Obr. 16, tab. 2,
|
| 504 |
|
|
|a Res. angl., lit. 55 zázn. v angl., ita., nem.
|
| 650 |
0 |
4 |
|a bralá vápencové
|z Malé Karpaty
|x diagenéza
|x izotópová geochémia
|x štúdie
|
| 700 |
1 |
|
|a Lintnerová, Otília
|4 aut
|
| 773 |
0 |
|
|t Geologica Carpathica
|x 0016-7738
|g Roč. 45, č. 4(1994), dát. august, s. 239-254
|
| 957 |
|
|
|a 5200
|
| 958 |
|
|
|a MS
|
| 958 |
|
|
|a NB
|
| 958 |
|
|
|a NP
|
| 974 |
|
|
|d 941221
|a 244
|
| 992 |
|
|
|a RBX
|
| BAS |
|
|
|
| 852 |
|
|
|a SVKKK
|b BIB
|
| 998 |
|
|
|a GEO
|